Bệnh nứt xương sống (Spina bifida occulta) trong con cái của những người sống ở các vùng bị ô nhiễm chất diệt cỏ trong thời gian chiến tranh /
Sparad:
| Huvudupphovsman: | |
|---|---|
| Materialtyp: | Artikel |
| Språk: | Vietnamese |
| Ämnen: | |
| Taggar: |
Lägg till en tagg
Inga taggar, Lägg till första taggen!
|
| Thư viện lưu trữ: | Thư viện Trường Đại học Đà Lạt |
|---|
| LEADER | 01001nam a2200289 4500 | ||
|---|---|---|---|
| 001 | DLU090065901 | ||
| 005 | ##20090420 | ||
| 040 | # | # | |a DLU |b vie |
| 041 | # | # | |a vie |
| 044 | # | # | |a vn |
| 100 | # | # | |a Trần Mạnh Hùng. |
| 245 | # | # | |a Bệnh nứt xương sống (Spina bifida occulta) trong con cái của những người sống ở các vùng bị ô nhiễm chất diệt cỏ trong thời gian chiến tranh / |c Trần Mạnh Hùng. |
| 653 | # | # | |a Đánh giá tác động môi trường |
| 653 | # | # | |a Bệnh nứt xương sống |
| 653 | # | # | |a Chất độc hoá học |
| 653 | # | # | |a Chất độc màu da cam |
| 653 | # | # | |a Nạn nhân chiến tranh |
| 773 | # | # | |t Dân tộc học |g Số 1(139), 2006, tr. 99-102 |
| 920 | # | # | |a Phòng Tạp chí -- Trung tâm Thông tin - Thư viện Trường Đại học Đà Lạt |
| 994 | # | # | |a DLU |
| 900 | # | # | |a True |
| 911 | # | # | |a Nguyễn Thanh Hương |
| 925 | # | # | |a G |
| 926 | # | # | |a A |
| 927 | # | # | |a BB |
| 980 | # | # | |a Thư viện Trường Đại học Đà Lạt |